| 000 | 00477cam a2200193ua 4500 | ||
|---|---|---|---|
| 020 | _c25.00 | ||
| 041 |
_aeng _h |
||
| 082 |
_a509 _bWIG/FR |
||
| 100 | _aWightman, William P D. | ||
| 245 |
_aGrowth of scientific ideas / _cWilliam P D Wightman. _hTextual Documents |
||
| 250 |
_a1 / _b. |
||
| 260 |
_aEdinborough : _bOliver and Boyd , _c1951. |
||
| 300 | _a495 ; . | ||
| 365 | _a25.00 | ||
| 504 | _a | ||
| 942 | _cBK | ||
| 999 |
_c5680 _d5680 |
||